000 00384nam a22001697a 4500
005 20160624100549.0
008 160624b xxu||||| |||| 00| 0 eng d
020 _a0-07-049911-X
041 _aeng
082 _b9494
100 _aMohd. Rafi A and others
_92631
245 _aInternet Marketing
260 _bTMH
_c2002
300 _a691
650 _aManagement
_9241
942 _cBK
999 _c3758
_d3757